00989nam a2200205Ia 4500008004100000020001500041041001200056100001800068245008500086250000800171260003100179300000800210650000700218700001700225942000700242999001700249952017300266952017200439952017200611221030s9999 xx 000 0 und d a8190630726 aEnglish aE. W. Golding 0aElectrical Measurements & Measuring Instruementscby E. W. Golding, F. C. Widdis a5th bReem Pub.aNew Delhic2013 a952 aEE aF. C. Widdis cBK c15461d15461 pBE 13769g695.00i10998l0eRKBr2024-06-13 00:00:00w2022-10-30yBK003Print4071aMIETLIBbMIETLIBcBL-Aacdemic Block B, FL-2, CUP-148, SH-5, R-5d2014-10-2910HBE pBE 13770g695.00i10998l0eRKBr2024-06-13 00:00:00w2022-10-30yBK003Print4070aMIETLIBbMIETLIBcBL-Aacdemic Block C, FL-1, CUP-31, SH-1, R-1d2014-10-2910HBE pBE 13771g695.00i10998l0eRKBr2024-06-13 00:00:00w2022-10-30yBK003Print4070aMIETLIBbMIETLIBcBL-Aacdemic Block C, FL-1, CUP-31, SH-1, R-1d2014-10-2910HBE